01078cam a22002771a 4500001001300000003000400013005001700017008004100034010001700075035002000092040002700112042001200139050002400151245011700175260003800292300002800330490003700358650004000395650003700435650003000472650005200502650004900554700003300603740009300636830007100729int59000086 DLC20260227111517.0910819s1959 dcua f000 0 eng  aint59000086  a(OCoLC)24253247 aDLCcAzTeSdOCoLCdDLC apremarc00aTN23b.U43 no. 546200aOperations of manganese-ore-purchasing depots at Deming, N. Mex., and Wenden, Ariz. /cby W.W. Agey ... [et al.] aWashington :bU.S. G.P.O.,c1959. a18 p. :bill. ;c26 cm.1 aReport of investigations ;v5462 0aManganese oreszNew MexicozDeming. 0aManganese oreszArizonazWenden. 0aManganese oresxAnalysis. 0aManganese mines and miningzNew MexicozDeming. 0aManganese mines and miningzArizonazWenden.1 aAgey, W. W.q(Wallace Woods)0 aOperations of manganese ore purchasing depots at Deming, New Mexico and Wenden, Arizona. 0aReport of investigations (United States. Bureau of Mines) ;v5462.